A textbook of money (Record no. 369660)

000 -LEADER
fixed length control field 00349cam a22001337a 4500
008 - FIXED-LENGTH DATA ELEMENTS--GENERAL INFORMATION
fixed length control field 180718b1959 xxu||||| |||| 00| 0 eng d
082 ## - DEWEY DECIMAL CLASSIFICATION NUMBER
Classification number T41 K845
100 ## - MAIN ENTRY--PERSONAL NAME
Personal name Korteseg, S.
245 ## - TITLE STATEMENT
Title A textbook of money
Statement of responsibility, etc. by S. Korteseg and F.A.G. Keesing
260 ## - PUBLICATION, DISTRIBUTION, ETC.
Place of publication, distribution, etc. London
Name of publisher, distributor, etc. Longmans
Date of publication, distribution, etc. 1959
300 ## - PHYSICAL DESCRIPTION
Extent 308p.
650 ## - SUBJECT ADDED ENTRY--TOPICAL TERM
Topical term or geographic name entry element Money
700 ## - ADDED ENTRY--PERSONAL NAME
Personal name Keesing, F.A.G.
Holdings
Withdrawn status Lost status Damaged status Not for loan Permanent Location Current Location Date acquired Full call number Barcode Date last seen Price effective from Koha item type
        Indian Institute of Public Administration Indian Institute of Public Administration 1994-06-02 T41 K845 21129 2018-07-21 2018-07-21 Book

Powered by Koha